书目信息 |
| 题名: |
第七大营养素
|
|
| 作者: | 廉九半 著 | |
| 分册: | ||
| 出版信息: | 北京 中国国际文化出版社 2009 |
|
| 页数: | 384页 | |
| 开本: | 24cm | |
| 丛书名: | ||
| 单 册: | ||
| 中图分类: | B848.4 , R151.4 | |
| 科图分类: | ||
| 主题词: | 成功心理学--通俗读物 , 营养素--基本知识 , 营养素 | |
| 电子资源: | ||
| ISBN: | 978-988-18677-1-1 | |
| 000 | 00695nam0 2200253 45 | |
| 001 | 1029985675 | |
| 005 | 20100428142801.10 | |
| 010 | @a978-988-18677-1-1@dCNY46.00 | |
| 100 | @a20100420d2009 em y0chiy50 ea | |
| 101 | 0 | @achi |
| 102 | @aCN@b110000 | |
| 105 | @ay z 000yy | |
| 106 | @ar | |
| 200 | 1 | @a第七大营养素@ADi Qi Da Ying Yang Su@f廉九半著@FLian Jiu Ban Zhu |
| 210 | @a北京@c中国国际文化出版社@d2009 | |
| 215 | @a384页@d24cm | |
| 606 | 0 | @a成功心理学@j通俗读物 |
| 606 | 0 | @a营养素@x基本知识 |
| 606 | 0 | @a营养素 |
| 690 | @aB848.4@v4 | |
| 690 | @aR151.4@v4 | |
| 701 | 0 | @a廉九半@ALian Jiu Ban@4著 |
| 801 | 0 | @aCN@bTANGWEI@c20100428 |
| 905 | @b0595307-09@dB848.4@e1016@f3 | |
| 第七大营养素/廉九半著.-北京:中国国际文化出版社,2009 |
| 384页;24cm |
| ISBN 978-988-18677-1-1:CNY46.00 |
| ● |
| 相关链接 |
|
|
|
|
正题名:第七大营养素
索取号:B848.4/1016
 
预约/预借
| 序号 | 登录号 | 条形码 | 馆藏地/架位号 | 状态 | 备注 |
| 1 | 0595307 | 205953075 | 第一样本阅览室/ [索取号:B848.4/1016] | 在馆 | |
| 2 | 0595308 | 205953084 | 第一借阅区/ [索取号:B848.4/1016] | 在馆 | |
| 3 | 0595309 | 205953093 | 第一借阅区/ [索取号:B848.4/1016] | 在馆 |